| 000 | 00413nam a2200145Ia 4500 | ||
|---|---|---|---|
| 008 | 231129s1998||||xx |||||||||||||| ||spa|| | ||
| 020 | _a958-96355-0-X | ||
| 040 | _bspa | ||
| 082 | _a796.334 G182c | ||
| 100 | _aGalvis Ramírez Alberto | ||
| 245 | 0 | _aCrónicas de goles y autogoles : Colombia 1903 -1998 | |
| 260 | _c1998 | ||
| 264 | _aLibros y letras | ||
| 942 |
_2ddc _cBKS |
||
| 999 |
_c8280 _d8280 |
||